| 000 | 00465cam a22001217a 4500 | ||
|---|---|---|---|
| 008 | 180718b1986 xxu||||| |||| 00| 0 eng d | ||
| 082 | _aA81x54 In2/81/2/Pap1/1985 | ||
| 100 | _aCensus of India 1981 | ||
| 245 | _aAndhra Pradesh: household population by religion of head of household (upto tehsil and town level) | ||
| 260 |
_aNew Delhi _bController of Publications _c1986 |
||
| 300 | _a168p. | ||
| 440 | _aCensus of India 1981. Series-2, Andhra Pradesh. Paper 1 of 1985 | ||
| 999 |
_c481949 _d481949 |
||